[Event "Euskadi-chT"]
[Site "Euskadi"]
[Date "1996.??.??"]
[Round "?"]
[White "Rufino Bengoetxea, Asier"]
[Black "Ursua Sanchez, Pablo"]
[Result "1-0"]
[WhiteElo "2035"]
[BlackElo "1795"]
[PlyCount "64"]
[EventDate "1996.??.??"]
[EventType "team"]
[EventRounds "7"]
[EventCountry "ESP"]
[SourceTitle "EXT 2004"]
[Source "ChessBase"]
[SourceDate "2003.11.25"]
[SourceVersion "1"]
[SourceVersionDate "2003.11.25"]
[SourceQuality "1"]

1. d4 e6 2. e4 d5 3. Nc3 Bb4 4. Nge2 dxe4 5. a3 Be7 6. Nxe4 Nf6 7. N2g3 Nbd7 8. Bd3 0-0 9. c4 b6 10. Qf3 Rb8 11. Bf4 Bb7 12. 0-0-0 Re8 13. Be5 Nxe5 14. dxe5 Nd7 15. Bc2 Qc8 16. Qf4 Rd8 17. Ng5 Bxg5 18. Qxg5 Nf8 19. Nh5 Ng6 20. h4 Bc6 21. Nxg7 Kxg7 22. h5 Rxd1+ 23. Rxd1 Qf8 24. hxg6 hxg6 25. Qf6+ Kg8 26. Bxg6 Qh6+ 27. f4 Qxg6 28. Qh4 Ba4 29. Rd2 Kg7 30. b3 Bxb3 31. Kb2 Bxc4 32. f5 Qxf5 1-0